000 00642nam a2200241Ia 4500
003 OSt
005 20221007070836.0
006 a|||||r|||| 00| 0
007 ta
008 221006b |||||||| |||| 00| 0 eng d
024 _a16,482
037 _cTextual
040 _aFLL
_cFLL
_beng
041 _2eng
_aeng
082 _aY1:437:Z2, L4.2
100 _aShrivastva H.P. Au.
_9687801
245 0 _aLaw relating to accidents
260 _aIndore
_bNational law house India
_c1974
300 _a427p
_ccm.
490 _vVol.2
942 _hY1:437:Z2, L4.2
_cTEXL
_2CC
999 _c1141693
_d1141693